| 000 | 00523nam a2200205Ia 4500 | ||
|---|---|---|---|
| 003 | OSt | ||
| 005 | 20230627091957.0 | ||
| 008 | 210423s9999 xx 000 0 und d | ||
| 040 | _cAL | ||
| 041 | _aeng | ||
| 082 |
_a307 _223 _bGANC |
||
| 100 |
_aGANGRADE (K D) _9100920 |
||
| 245 | _aCommunity organization in india | ||
| 260 |
_aBombay _bPopular Prakashan _c2001 |
||
| 365 | _cINR | ||
| 650 |
_aCommunities _9100921 |
||
| 650 |
_aSociology _9100922 |
||
| 906 | _aCommunity ; india ; organization | ||
| 942 |
_2ddc _cBK |
||
| 999 |
_c171609 _d171609 |
||